[Event "Serbia op-A"]
[Site "Belgrade"]
[Date "2025.07.14"]
[Round "1"]
[White "Vignesh, NR."]
[Black "Kabinazar, Nurmukhammed"]
[Result "1-0"]
[WhiteElo "2531"]
[BlackElo "2169"]
[PlyCount "105"]
[EventDate "2025.07.14"]
[EventType "swiss"]
[EventRounds "9"]
[EventCountry "SRB"]
[SourceTitle "CB30_2025"]
[SourceDate "2025.07.23"]
[SourceVersion "1"]
[SourceVersionDate "2025.07.23"]
[SourceQuality "1"]

1. Nf3 Nf6 2. g3 b5 3. Bg2 Bb7 4. Na3 a6 5. c4 e5 6. b3 Bc5 7. 0-0 Qe7 8. Nc2 0-0 9. Bb2 bxc4 10. bxc4 d6 11. Rb1 Bb6 12. d3 Ne8 13. Ne3 Bxe3 14. fxe3 Bc6 15. Qd2 a5 16. e4 Nd7 17. Bh3 g6 18. Bc3 a4 19. Qh6 f6 20. Ne1 Ng7 21. Nc2 Rab8 22. Rxb8 Nxb8 23. Qe3 Bd7 24. Bg2 Nc6 25. Rb1 Rb8 26. Rxb8+ Nxb8 27. Qa7 Qd8 28. Nb4 Nc6 29. Qxa4 Nxb4 30. Qxb4 Qa8 31. c5 Qxa2 32. cxd6 Qxe2 33. Qc4+ Ne6 34. dxc7 Qe3+ 35. Kf1 Kg7 36. c8Q Bxc8 37. Qxc8 Qxd3+ 38. Ke1 Qe3+ 39. Kd1 Qg1+ 40. Be1 Nd4 41. Qd7+ Kg8 42. Qe8+ Kg7 43. Qe7+ Kg8 44. Bh3 Qe3 45. Be6+ Nxe6 46. Qxe6+ Kg7 47. Qd7+ Kh8 48. Qc8+ Kg7 49. Qb7+ Kh8 50. Bb4 Qg1+ 51. Kc2 Qxh2+ 52. Kb3 Qxg3+ 53. Kc4 1-0

[Event "Asian Continental op 20th"]
[Site "Almaty"]
[Date "2023.06.10"]
[Round "8"]
[White "Kabinazar, Nurmukhammed"]
[Black "Bizhigitov, Zhangir"]
[Result "1-0"]
[WhiteElo "1855"]
[BlackElo "2285"]
[PlyCount "72"]
[EventDate "2023.06.04"]
[EventType "swiss"]
[EventRounds "9"]
[EventCountry "KAZ"]
[SourceTitle "CBM 214 Extra"]
[Source "ChessBase"]
[SourceDate "2023.07.31"]
[SourceVersion "1"]
[SourceVersionDate "2023.07.31"]
[SourceQuality "1"]

1. e4 c5 2. Nf3 g6 3. c3 d5 4. exd5 Qxd5 5. d4 Bg7 6. Be3 cxd4 7. cxd4 Qa5+ 8. Qd2 Qxd2+ 9. Nbxd2 Nf6 10. Bc4 0-0 11. 0-0 Nbd7 12. Rac1 Nb6 13. Bb3 Nbd5 14. Bg5 Be6 15. Bxf6 exf6 16. Ne4 Rad8 17. Nc3 Bh6 18. Rcd1 Bf4 19. Rfe1 Kg7 20. g3 Bb8 21. Nxd5 Bxd5 22. Bxd5 Rxd5 23. Re7 Rb5 24. b3 Rd8 25. Kf1 Kf8 26. Re3 Bc7 27. Ne1 Ra5 28. Re2 Rd6 29. Rd3 Rda6 30. Rdd2 Bd6 31. Ng2 Bb4 32. Rc2 Rc6 33. Rxc6 bxc6 34. Rc2 Rd5 35. Rc4 a5 36. Ne3 Rd7 1-0

[Event "World School-ch U13"]
[Site "Rhodes"]
[Date "2023.04.22"]
[Round "9"]
[White "Skodras, Marios Konstantinos"]
[Black "Kabinazar, Nurmukhammed"]
[Result "0-1"]
[WhiteElo "1654"]
[BlackElo "1793"]
[PlyCount "102"]
[EventDate "2023.04.14"]
[EventType "swiss"]
[EventRounds "9"]
[EventCountry "GRE"]
[SourceTitle "EXT 2024"]
[Source "ChessBase"]
[SourceDate "2023.10.10"]
[SourceVersion "1"]
[SourceVersionDate "2023.10.10"]
[SourceQuality "1"]

1. e4 e5 2. Nf3 Nc6 3. Bc4 Bc5 4. b4 Bxb4 5. c3 Be7 6. d4 Na5 7. Bd3 d6 8. dxe5 dxe5 9. Nxe5 Nf6 10. Qc2 0-0 11. 0-0 Bd6 12. Nf3 Nc6 13. Bg5 h6 14. Bh4 Re8 15. Nbd2 Bg4 16. Rfe1 Bh5 17. Bb5 g5 18. Bxc6 bxc6 19. Bg3 Bg6 20. Re2 Nd5 21. Rae1 Qf6 22. c4 Nf4 23. Bxf4 Bxf4 24. g3 Bxd2 25. Nxd2 Rad8 26. Nb3 g4 27. Qc1 h5 28. e5 Qf5 29. Qh6 Rd7 30. Qe3 Rd3 31. Qh6 Rd7 32. Qe3 Qd3 33. Qf4 Rde7 34. Nc5 Qf5 35. Qe3 Kh7 36. a4 Rxe5 37. Qxe5 Rxe5 38. Rxe5 Qc2 39. Nd7 Qxa4 40. Nf6+ Kg7 41. Ne8+ Kh6 42. c5 a5 43. Nxc7 Qb4 44. Ne8 a4 45. Ra1 a3 46. Re2 Bb1 47. Nd6 a2 48. Nxf7+ Kg7 49. Nd8 Qc4 50. Re7+ Kf8 51. Rb7 Qc1+ 0-1

[Event "Wch U12"]
[Site "Batumi"]
[Date "2022.09.21"]
[Round "6"]
[White "Kabinazar, Nurmukhammed"]
[Black "Ghviniashvili, Nodar"]
[Result "1-0"]
[WhiteElo "1616"]
[BlackElo "1287"]
[PlyCount "105"]
[EventDate "2022.09.16"]
[EventType "swiss"]
[EventRounds "11"]
[EventCountry "GEO"]
[SourceTitle "EXT 2023"]
[Source "ChessBase"]
[SourceDate "2022.10.05"]
[SourceVersion "1"]
[SourceVersionDate "2022.10.05"]
[SourceQuality "1"]

1. e4 c6 2. Nc3 d5 3. Nf3 dxe4 4. Nxe4 Nf6 5. Qe2 Nxe4 6. Qxe4 Nd7 7. Bc4 Nf6 8. Qe2 Bf5 9. d3 e6 10. Bd2 Bd6 11. h3 Qe7 12. Bb3 Nd5 13. 0-0 0-0 14. Ne5 Qc7 15. Nc4 Bh2+ 16. Kh1 Bf4 17. Ne3 Nxe3 18. fxe3 Bd6 19. e4 Bg6 20. Rae1 Be5 21. c3 c5 22. Be3 Rad8 23. Rd1 Bf6 24. Qf2 b6 25. Bf4 e5 26. Be3 Qd6 27. Bd5 Qe7 28. Qg3 Bh5 29. Rd2 Bh4 30. Qh2 Bg6 31. g3 Bg5 32. Bxg5 Qxg5 33. Rdf2 Kh8 34. g4 f6 35. Qg3 h5 36. c4 h4 37. Qg2 Kh7 38. Rf3 Rfe8 39. Qe2 Rd6 40. Kh2 Qh6 41. a3 a5 42. Qe1 Rb8 43. R1f2 Rbd8 44. b4 axb4 45. axb4 R8d7 46. bxc5 bxc5 47. Qa5 Qc1 48. Qxc5 Ra6 49. Qe3 Qc3 50. g5 Ra1 51. gxf6 Re1 52. Qg5 Qa1 53. Qxh4+ 1-0

[Event "Wch U12"]
[Site "Batumi"]
[Date "2022.09.19"]
[Round "4"]
[White "Kabinazar, Nurmukhammed"]
[Black "Gvasalia, Gaga"]
[Result "1-0"]
[WhiteElo "1616"]
[BlackElo "1320"]
[PlyCount "57"]
[EventDate "2022.09.16"]
[EventType "swiss"]
[EventRounds "11"]
[EventCountry "GEO"]
[SourceTitle "EXT 2023"]
[Source "ChessBase"]
[SourceDate "2022.10.05"]
[SourceVersion "1"]
[SourceVersionDate "2022.10.05"]
[SourceQuality "1"]

1. e4 c5 2. Nf3 e6 3. d4 cxd4 4. Nxd4 Nc6 5. Nc3 Qc7 6. Nxc6 bxc6 7. Bd3 Nf6 8. 0-0 Be7 9. f4 d5 10. e5 Nd7 11. b3 c5 12. Qe2 Bb7 13. Kh1 Rc8 14. Nb5 Qb6 15. f5 c4 16. fxe6 fxe6 17. bxc4 dxc4 18. Nd6+ Bxd6 19. exd6 Qxd6 20. Qh5+ Kd8 21. Bg5+ Kc7 22. Bxc4 Kb8 23. Qe2 Bxg2+ 24. Qxg2 Rxc4 25. Rfd1 Qc7 26. Rxd7 Qxd7 27. Rb1+ Kc7 28. Qb7+ Kd6 29. Rd1+ 1-0

[Event "Almaty Fizmat op"]
[Site "Almaty"]
[Date "2021.10.08"]
[Round "3"]
[White "Kabinazar, Nurmukhammed"]
[Black "Asylov, Miras"]
[Result "0-1"]
[WhiteElo "1313"]
[BlackElo "2070"]
[PlyCount "80"]
[EventDate "2021.10.08"]
[EventType "swiss (rapid)"]
[EventRounds "9"]
[EventCountry "KAZ"]
[SourceTitle "EXT 2023"]
[Source "ChessBase"]
[SourceDate "2022.10.05"]
[SourceVersion "1"]
[SourceVersionDate "2022.10.05"]
[SourceQuality "1"]

1. e4 c5 2. Nf3 e6 3. d4 cxd4 4. Nxd4 Nf6 5. Nc3 d6 6. Bc4 Be7 7. 0-0 0-0 8. Be3 Nc6 9. f4 d5 10. exd5 exd5 11. Bb3 Ng4 12. Bc1 Bc5 13. Nce2 Re8 14. c3 Ne3 15. Bxe3 Rxe3 16. Qd2 Re8 17. Kh1 a6 18. Nxc6 bxc6 19. Nd4 Bd7 20. f5 Qf6 21. Bc2 Bd6 22. Ne2 Re7 23. Ng1 Rae8 24. Qd4 Qh6 25. h3 f6 26. c4 Be5 27. Qd3 d4 28. b4 Bc7 29. Qxd4 Be5 30. Qd3 Bxa1 31. Rxa1 Qe3 32. Qd6 Qc3 33. Rc1 Qb2 34. Qd2 Bxf5 35. Qf2 Qxc1 36. Qxf5 g6 37. Qxf6 Qxc2 38. Qxc6 Qd1 39. Qf3 Qxf3 40. Nxf3 Re4 0-1